000 00335cam a2200133ua 4500
020 _a8170892597
082 _a631.45
_bDAT/SO
100 _aDatta, S K .
_9681
245 _aSoil Conservation and Land Management /
250 _a1 /
260 _aDehra Dun
_bInternational Book Distributors ,
_c1999
300 _a330 ; .
942 _cBK
999 _c7306
_d7306